<?xml version="1.0" encoding="UTF-8"?>
<record
    xmlns:xsi="http://www.w3.org/2001/XMLSchema-instance"
    xsi:schemaLocation="http://www.loc.gov/MARC21/slim http://www.loc.gov/standards/marcxml/schema/MARC21slim.xsd"
    xmlns="http://www.loc.gov/MARC21/slim">

  <leader>00278nam a2200097 a 4500</leader>
  <controlfield tag="005">20200930075922.0</controlfield>
  <controlfield tag="008">120131s1985                  000   spa d</controlfield>
  <datafield tag="245" ind1=" " ind2="0">
    <subfield code="a">Obras del can&#xF3;nigo Francisco Javier Billini.</subfield>
  </datafield>
  <datafield tag="260" ind1=" " ind2=" ">
    <subfield code="a">Higuey, Rep&#xFA;blica Dominicana,</subfield>
    <subfield code="c">1985.</subfield>
  </datafield>
  <datafield tag="999" ind1=" " ind2=" ">
    <subfield code="c">36248</subfield>
    <subfield code="d">36248</subfield>
  </datafield>
  <datafield tag="040" ind1=" " ind2=" ">
    <subfield code="a">DO-SdBNP</subfield>
  </datafield>
</record>
